[Event "Borisoglebsk Bocharov Memorial"]
[Site "Borisoglebsk"]
[Date "2014.03.16"]
[Round "7"]
[White "Bakhteev, Bakhtiyar"]
[Black "Mescheryakov, Alexey"]
[Result "1/2-1/2"]
[WhiteElo "1727"]
[BlackElo "1836"]
[PlyCount "73"]
[EventDate "2014.03.13"]
[EventType "swiss"]
[EventRounds "9"]
[EventCountry "RUS"]
[SourceTitle "CBM 159 Extra"]
[Source "ChessBase"]
[SourceDate "2014.04.24"]
[SourceVersion "1"]
[SourceVersionDate "2014.04.24"]
[SourceQuality "1"]

1. e4 e5 2. d4 exd4 3. Qxd4 Qf6 4. Qe3 Nh6 5. Nc3 Ng4 6. Qf3 Qxf3 7. Nxf3 Bc5 8. Nd1 Nc6 9. h3 Nge5 10. Nxe5 Nxe5 11. Bf4 d6 12. Nc3 c6 13. Bd3 0-0 14. 0-0 Be6 15. Rfe1 Rfe8 16. Be3 Bb4 17. Bd2 Bxh3 18. gxh3 Nf3+ 19. Kg2 Nxe1+ 20. Rxe1 Ba5 21. f3 Rad8 22. Nb1 Bxd2 23. Nxd2 b5 24. Nb3 a6 25. Nd4 c5 26. Nf5 g6 27. Ne3 c4 28. Bf1 Kg7 29. Nd5 Rd7 30. a4 f5 31. axb5 axb5 32. Nc3 fxe4 33. fxe4 Re5 34. b3 Rg5+ 35. Kf2 Rf7+ 36. Ke2 cxb3 37. cxb3 1/2-1/2

[Event "Borisoglebsk Bocharov Memorial"]
[Site "Borisoglebsk"]
[Date "2014.03.15"]
[Round "5"]
[White "Mescheryakov, Alexey"]
[Black "Kovalenko, Vladimir"]
[Result "0-1"]
[WhiteElo "1836"]
[BlackElo "2145"]
[PlyCount "59"]
[EventDate "2014.03.13"]
[EventType "swiss"]
[EventRounds "9"]
[EventCountry "RUS"]
[SourceTitle "CBM 159 Extra"]
[Source "ChessBase"]
[SourceDate "2014.04.24"]
[SourceVersion "1"]
[SourceVersionDate "2014.04.24"]
[SourceQuality "1"]

1. e4 c5 2. Nc3 e6 3. Nf3 a6 4. d4 cxd4 5. Nxd4 Qc7 6. Bd3 Nc6 7. Nxc6 bxc6 8. 0-0 d5 9. f4 Bb7 10. b3 Bb4 11. Bb2 Nf6 12. e5 Nd7 13. Na4 Nc5 14. Nxc5 Bxc5+ 15. Kh1 g6 16. c4 Qb6 17. Rc1 a5 18. Qc2 Be3 19. Rce1 d4 20. c5 Qc7 21. Bc1 Bxc1 22. Rxc1 0-0 23. Qe2 Rfd8 24. Rf3 Qe7 25. g4 Rd5 26. Qc2 Qh4 27. Ba6 Bxa6 28. Qd2 Qxg4 29. Qg2 Qf5 30. a3 0-1

[Event "Borisoglebsk Bocharov Memorial"]
[Site "Borisoglebsk"]
[Date "2014.03.13"]
[Round "2"]
[White "Mescheryakov, Alexey"]
[Black "Kopovaya, Aleksandra"]
[Result "0-1"]
[WhiteElo "1836"]
[BlackElo "1697"]
[PlyCount "58"]
[EventDate "2014.03.13"]
[EventType "swiss"]
[EventRounds "9"]
[EventCountry "RUS"]
[SourceTitle "CBM 159 Extra"]
[Source "ChessBase"]
[SourceDate "2014.04.24"]
[SourceVersion "1"]
[SourceVersionDate "2014.04.24"]
[SourceQuality "1"]

1. e4 c5 2. b3 Nc6 3. Bb2 d6 4. Nf3 Nf6 5. Nc3 Bg4 6. Be2 e6 7. d3 Be7 8. 0-0 0-0 9. h3 Bh5 10. Nh2 Bxe2 11. Nxe2 Nd7 12. f4 f5 13. exf5 Rxf5 14. Nf3 Nf6 15. c4 Nh5 16. Rb1 Bf6 17. Qd2 Qd7 18. d4 cxd4 19. Nfxd4 Nxd4 20. Nxd4 Ng3 21. Rfe1 Ne4 22. Qd3 Bh4 23. Re2 Rd8 24. Rd1 Qf7 25. Nf3 Bf6 26. Bxf6 Qxf6 27. Rde1 Rd7 28. Nd2 Nc5 29. b4 Nxd3 0-1